[Event "EUSKADI 2011"]
[Site "Zornotza, BIZKAIA - SPAIN"]
[Date "2011.04.25"]
[Round "4"]
[White "Gonzalez De La Torre, Santiago"]
[Black "Argandoña Riveiro, Iñigo"]
[Result "1/2-1/2"]
[WhiteElo "2425"]
[BlackElo "2389"]
[EventDate "2011.04.23"]
[PlyCount "38"]

1.e4 c5 2.Nf3 Nc6 3.Nc3 e5 4.Bc4 d6 5.d3 Be7 6.Nd2 Nf6 7.Nf1 Bg4 8.f3 Be6 
9.Ne3 O-O 10.O-O Nd4 11.Bd2 a6 12.a4 b5 13.axb5 axb5 14.Nxb5 Rb8 15.Ra3 
Qd7 16.Bxe6 fxe6 17.Ra7 Rb7 18.Rxb7 Qxb7 19.c4 Rb8 1/2-1/2

[Event "EUSKADI 2011"]
[Site "Zornotza, BIZKAIA - SPAIN"]
[Date "2011.04.25"]
[Round "4"]
[White "Gomez Esteban, Juan Mario"]
[Black "Franco Alonso, Alejandro"]
[Result "1-0"]
[WhiteElo "2477"]
[BlackElo "2489"]
[EventDate "2011.04.23"]
[PlyCount "159"]

1.d4 Nf6 2.c4 e6 3.Nc3 Bb4 4.f3 O-O 5.e4 d5 6.e5 Nfd7 7.f4 c5 8.cxd5 exd5 
9.Nf3 cxd4 10.Nxd4 Nxe5 11.fxe5 Qh4+ 12.Ke2 Bc5 13.Be3 Bg4+ 14.Nf3 Bxf3+ 
15.Kxf3 Bxe3 16.Kxe3 Nc6 17.g3 Qb4 18.Kf2 Qb6+ 19.Kg2 Qxb2+ 20.Ne2 Rfe8 
21.Rg1 Nxe5 22.Qd4 Qc2 23.Rc1 Qxa2 24.Rc3 b5 25.Kh1 Nc4 26.Nf4 Rad8 27.Bg2
b4 28.Nh5 Ne5 29.Qxb4 d4 30.Ra3 Qe2 31.Nf4 Ng4 32.h3 Nf2+ 33.Kh2 Qe5 34.
Rf1 Ne4 35.Re1 Qc5 36.Qxc5 Nxc5 37.Rxe8+ Rxe8 38.Ra5 Ne6 39.Nxe6 Rxe6 40.
Rxa7 h5 41.Rd7 h4 42.gxh4 Rf6 43.Rxd4 Kh7 44.Rd7 g6 45.Kg3 Kg7 46.Bf3 Rf5 
47.Bg4 Rf6 48.h5 g5 49.h4 gxh4+ 50.Kxh4 Kh6 51.Rc7 Rf4 52.Rc6+ f6 53.Kg3 
Rf1 54.Bf3 Kg5 55.Rc5+ Kh6 56.Kf4 Rf2 57.Rc3 Rf1 58.Rc6 Kg7 59.Rc7+ Kh6 
60.Rf7 Rf2 61.Rxf6+ Kg7 62.Rc6 Rf1 63.Kg4 Rg1+ 64.Kf5 Rf1 65.Kf4 Kh8 66.
Ke3 Kg7 67.h6+ Kh8 68.Be4 Rf8 69.Rc7 Kg8 70.Kd4 Kh8 71.Ke5 Re8+ 72.Kf4 
Rf8+ 73.Kg5 Rg8+ 74.Kf6 Rf8+ 75.Kg6 Rg8+ 76.Rg7 Rd8 77.Rh7+ Kg8 78.Re7 Kh8
79.Bd5 Rd6+ 80.Be6 1-0

[Event "EUSKADI 2011"]
[Site "Zornotza, BIZKAIA - SPAIN"]
[Date "2011.04.25"]
[Round "4"]
[White "Villalta Bustillo, Igor"]
[Black "Huerga Leache, Mikel"]
[Result "1/2-1/2"]
[WhiteElo "2182"]
[BlackElo "2440"]
[EventDate "2011.04.23"]
[PlyCount "120"]

1.e4 c5 2.Nf3 Nc6 3.d4 cxd4 4.Nxd4 Nf6 5.Nc3 e5 6.Ndb5 d6 7.Bg5 a6 8.Na3 
b5 9.Bxf6 gxf6 10.Nd5 Bg7 11.Bd3 Ne7 12.Nxe7 Qxe7 13.O-O O-O 14.c3 f5 15.
Nc2 Bb7 16.exf5 Qg5 17.Ne3 d5 18.Qg4 Qxg4 19.Nxg4 Rfe8 20.Rad1 b4 21.Bc2 
bxc3 22.bxc3 h5 23.Ne3 Red8 24.Bb3 d4 25.cxd4 exd4 26.Nc4 Be4 27.f4 Bxf5 
28.Ne5 Be6 29.Bxe6 fxe6 30.Rd3 Rd5 31.Re1 Bxe5 32.fxe5 Rc8 33.Re4 Rc4 34.
g4 Rc1+ 35.Kg2 Rc2+ 36.Kg3 hxg4 37.Rdxd4 Rxd4 38.Rxd4 Rxa2 39.Kxg4 Rxh2 
40.Ra4 Re2 41.Kf4 Rf2+ 42.Ke4 Kf7 43.Rxa6 Rb2 44.Kf4 Rb5 45.Rc6 Rb1 46.Ra6
Rf1+ 47.Ke4 Rh1 48.Kf4 Rh8 49.Kg5 Rg8+ 50.Kf4 Re8 51.Kg5 Rg8+ 52.Kf4 Rg1 
53.Rb6 Rg6 54.Rb7+ Kg8 55.Ra7 Rg1 56.Rb7 Rf1+ 57.Ke4 Rf7 58.Rxf7 Kxf7 59.
Kf4 Kg6 60.Kg4 Kh6 1/2-1/2

[Event "EUSKADI 2011"]
[Site "Zornotza, BIZKAIA - SPAIN"]
[Date "2011.04.25"]
[Round "4"]
[White "Astasio Lopez, David"]
[Black "Martin Alvarez, Iñigo"]
[Result "1-0"]
[WhiteElo "2330"]
[BlackElo "2316"]
[EventDate "2011.04.23"]
[PlyCount "75"]

1.d4 Nf6 2.Nf3 c5 3.e3 d5 4.Nbd2 Nbd7 5.dxc5 Qa5 6.a3 Qxc5 7.b4 Qb6 8.c4 
e6 9.Bb2 Be7 10.Bd4 Qd6 11.cxd5 exd5 12.Bd3 O-O 13.O-O b6 14.Qc2 Bb7 15.
Rfd1 Rac8 16.Qb2 g6 17.h3 Ne4 18.Nxe4 dxe4 19.Bxe4 Bxe4 20.Bh8 Bf6 21.Rxd6
Bxb2 22.Bxb2 Bxf3 23.Rxd7 Rc2 24.Bf6 Be4 25.Rxa7 h6 26.a4 g5 27.b5 Rfc8 
28.Rd1 Kh7 29.Rxf7+ Kg6 30.Re7 R8c4 31.Rd6 Kh5 32.Bg7 Bg6 33.Ree6 Kh4 34.
Rxg6 h5 35.Bh6 Rc5 36.Bxg5+ Rxg5 37.Rd4+ Rg4 38.hxg4 1-0

[Event "EUSKADI 2011"]
[Site "Zornotza, BIZKAIA - SPAIN"]
[Date "2011.04.25"]
[Round "4"]
[White "Diaz Herrero, Alvaro"]
[Black "Prieto Aranguren, Alain"]
[Result "1/2-1/2"]
[WhiteElo "2126"]
[BlackElo "2219"]
[EventDate "2011.04.23"]
[PlyCount "97"]

1.e4 c6 2.d4 d5 3.Nc3 dxe4 4.Nxe4 Bf5 5.Ng3 Bg6 6.Nf3 Nd7 7.h4 h6 8.h5 Bh7
9.Bd3 Bxd3 10.Qxd3 Qc7 11.Bd2 e6 12.O-O-O Ngf6 13.Qe2 O-O-O 14.Ne5 Nb6 15.
Ba5 Rd5 16.Bxb6 axb6 17.c4 Ra5 18.Kb1 Bd6 19.f4 Rd8 20.Ne4 Nxe4 21.Qxe4 
Qe7 22.g4 Kc7 23.b3 Bb4 24.Rd3 b5 25.Rc1 Ba3 26.Rc2 bxc4 27.Rxc4 Rad5 28.
Rdc3 Kb8 29.Rxc6 Rxd4 30.Rc8+ Rxc8 31.Rxc8+ Kxc8 32.Qxd4 f6 33.Nc4 Bc5 34.
Qe4 Qd7 35.Kc2 Qd5 36.Qxd5 exd5 37.Nb2 Kd7 38.Kd2 Ba7 39.Nd3 Kd6 40.Ke2 
Kc6 41.Kf3 Bb8 42.Ke3 Ba7+ 43.Kf3 Bb8 44.a4 Kd6 45.b4 Kc6 46.Nc5 Bd6 47.
Nd3 Bb8 48.Nc5 Bd6 49.Nd3 1/2-1/2

[Event "EUSKADI 2011"]
[Site "Zornotza, BIZKAIA - SPAIN"]
[Date "2011.04.25"]
[Round "4"]
[White "Limeres Guiance, Cristobal"]
[Black "Wu Martin, Eneko"]
[Result "1-0"]
[WhiteElo "2255"]
[BlackElo "2136"]
[EventDate "2011.04.23"]
[PlyCount "117"]

1.d4 Nf6 2.c4 e5 3.dxe5 Ng4 4.e6 dxe6 5.Qxd8+ Kxd8 6.Nf3 Bc5 7.e3 Nc6 8.
Bd2 a5 9.Be2 Ke7 10.O-O f6 11.Nc3 Nge5 12.Nb5 Nxf3+ 13.gxf3 Bd6 14.Nxd6 
cxd6 15.Bc3 Bd7 16.Rfd1 Rhd8 17.f4 e5 18.fxe5 dxe5 19.f3 Bf5 20.Kf2 Bc2 
21.Rd5 b6 22.Rc1 Bf5 23.Rb5 Rab8 24.c5 bxc5 25.Rxc5 Nb4 26.Rxa5 Nd3+ 27.
Bxd3 Rxd3 28.f4 Be4 29.fxe5 f5 30.Ra7+ Rd7 31.Rxd7+ Kxd7 32.Rd1+ Ke7 33.
Rd6 Rd8 34.Rb6 Rd7 35.a4 Rb7 36.Ra6 Bd3 37.Rd6 Bc4 38.a5 g5 39.Rh6 Ke8 40.
Rc6 Bb5 41.Rf6 h5 42.Rg6 g4 43.Rh6 Kd7 44.a6 Rc7 45.a7 Rc8 46.Rxh5 Bd3 47.
Kg3 Kc7 48.Bd4 Kb7 49.Kf4 Rf8 50.Bc5 Rc8 51.b4 Be4 52.e6 Re8 53.e7 Kc7 54.
Rxf5 Bxf5 55.Kxf5 Rg8 56.b5 Kd7 57.Kf6 Ra8 58.Kf7 Rh8 59.b6 1-0

[Event "EUSKADI 2011"]
[Site "Zornotza, BIZKAIA - SPAIN"]
[Date "2011.04.25"]
[Round "4"]
[White "Hernandez Perez, Jesus"]
[Black "Alcaide Luque, Aitor"]
[Result "1/2-1/2"]
[WhiteElo "2040"]
[BlackElo "2192"]
[EventDate "2011.04.23"]
[PlyCount "50"]

1.e4 e6 2.d3 d5 3.Nd2 Nf6 4.Ngf3 b6 5.c3 c5 6.Be2 Bb7 7.Qc2 Nc6 8.O-O Be7 
9.Re1 Qc7 10.Nf1 O-O 11.Ng3 Ne5 12.Nxe5 Qxe5 13.Bf3 Rfe8 14.Bd2 Qc7 15.
Rad1 c4 16.dxc4 dxc4 17.Be3 b5 18.Rd2 Red8 19.Red1 a6 20.Rxd8+ Rxd8 21.Bd4
Nd7 22.b4 cxb3 23.axb3 Ne5 24.Be2 Ng6 25.c4 Rc8 1/2-1/2

[Event "EUSKADI 2011"]
[Site "Zornotza, BIZKAIA - SPAIN"]
[Date "2011.04.25"]
[Round "4"]
[White "Diez Fraile, David"]
[Black "Arce Balluerca, Jorge"]
[Result "1/2-1/2"]
[WhiteElo "2165"]
[BlackElo "2068"]
[EventDate "2011.04.23"]
[PlyCount "29"]

1.e4 d6 2.d4 Nf6 3.Nc3 g6 4.f4 Bg7 5.Nf3 c5 6.Bb5+ Bd7 7.Bxd7+ Nfxd7 8.d5 
Na6 9.O-O O-O 10.Be3 Rb8 11.a4 Nb4 12.Rf2 b6 13.Re2 Rb7 14.Bf2 Nf6 15.Bh4 
1/2-1/2

[Event "EUSKADI 2011"]
[Site "Zornotza, BIZKAIA - SPAIN"]
[Date "2011.04.25"]
[Round "4"]
[White "Agirretxe San Sebastian, Jesus"]
[Black "Miguelez Garcia, Erlantz"]
[Result "1/2-1/2"]
[WhiteElo "2165"]
[BlackElo "1957"]
[EventDate "2011.04.23"]
[PlyCount "39"]

1.c4 Nf6 2.Nc3 e6 3.g3 Bb4 4.Bg2 O-O 5.Qb3 Nc6 6.Nf3 Qe7 7.a3 Bxc3 8.Qxc3 
e5 9.O-O a5 10.b3 d5 11.d4 Ne4 12.Qb2 Nxd4 13.Nxd4 exd4 14.Qxd4 c5 15.Qxd5
Nc3 16.Qh5 Nxe2+ 17.Kh1 Nxc1 18.Raxc1 Ra6 19.Rcd1 Re6 20.Bd5 1/2-1/2

[Event "EUSKADI 2011"]
[Site "Zornotza, BIZKAIA - SPAIN"]
[Date "2011.04.25"]
[Round "4"]
[White "Idiazabal Troyas, Aritz"]
[Black "Padilla Cabero, Pablo"]
[Result "0-1"]
[WhiteElo "1985"]
[BlackElo "2147"]
[EventDate "2011.04.23"]
[PlyCount "78"]

1.e4 Nf6 2.e5 Nd5 3.d4 c5 4.c4 Nb4 5.d5 d6 6.a3 Qa5 7.Bd2 Bf5 8.Nf3 Qa6 9.
Bxb4 cxb4 10.Nbd2 Qa5 11.Nb3 Qb6 12.Nbd4 Bd7 13.Be2 g6 14.e6 fxe6 15.dxe6 
Bc6 16.Qd2 Na6 17.O-O Bg7 18.axb4 Nxb4 19.c5 dxc5 20.Nxc6 Nxc6 21.Qd7+ Kf8
22.Qd2 Qxb2 23.Qf4+ Bf6 24.Bc4 Nd4 25.Ne5 Ne2+ 26.Bxe2 Qxe5 27.Qc4 Kg7 28.
Ra3 a6 29.Re3 Qd4 30.Qb3 b5 31.Re1 c4 32.Qb4 Qb2 33.Qc5 Rhc8 34.Qb6 c3 35.
Bd3 c2 36.Bxc2 Qxc2 37.Rf1 Rcb8 38.Qa5 b4 39.Rf3 Rb5 0-1

[Event "EUSKADI 2011"]
[Site "Zornotza, BIZKAIA - SPAIN"]
[Date "2011.04.25"]
[Round "4"]
[White "Axpe Balenciaga, Iñigo"]
[Black "Cendagortagalarza Rodriguez, Jo"]
[Result "1-0"]
[WhiteElo "2115"]
[BlackElo "1696"]
[EventDate "2011.04.23"]
[PlyCount "105"]

1.d4 e5 2.c3 Nc6 3.g3 exd4 4.cxd4 Bb4+ 5.Bd2 Bxd2+ 6.Qxd2 Nf6 7.Bg2 d5 8.
Nc3 Be6 9.Nf3 O-O 10.O-O h6 11.Rfd1 a5 12.Rac1 Nb4 13.a3 Na6 14.Qc2 c6 15.
Ne5 Re8 16.Qb3 Rb8 17.h3 Nd7 18.Nf3 Bf5 19.Nh4 Bh7 20.Re1 Qb6 21.Qxb6 Nxb6
22.b3 Re6 23.e3 Rbe8 24.Nf3 f6 25.Red1 R6e7 26.Ne1 Re6 27.Nd3 R6e7 28.Nf4 
Nc7 29.Bf1 Ne6 30.Nxe6 Rxe6 31.Bd3 Bxd3 32.Rxd3 Kf7 33.Rb1 R8e7 34.Na4 
Nxa4 35.bxa4 Rd7 36.Rdb3 Ree7 37.Rc1 Ke8 38.Rc5 Kd8 39.Rxa5 Kc7 40.Rc5 Kb8
41.Rxc6 Rc7 42.Rcb6 Ka7 43.R6b5 Red7 44.Kg2 Rc4 45.a5 Ra4 46.Rc5 Ka6 47.
Rb6+ Ka7 48.Rbb5 Rxa3 49.Kf3 Ra2 50.Rxd5 Rc7 51.Rbc5 Re7 52.Rd8 Ka6 53.
Ra8# 1-0

[Event "EUSKADI 2011"]
[Site "Zornotza, BIZKAIA - SPAIN"]
[Date "2011.04.25"]
[Round "4"]
[White "Urretavizcaya Merino, Asier"]
[Black "Irure Crespo, Egoitz"]
[Result "1/2-1/2"]
[WhiteElo "2120"]
[BlackElo "2000"]
[EventDate "2011.04.23"]
[PlyCount "26"]

1.d4 d5 2.Nf3 Nf6 3.e3 Bf5 4.c4 c6 5.Nc3 e6 6.Be2 Nbd7 7.Nh4 Be4 8.f3 Bg6 
9.Nxg6 hxg6 10.e4 dxc4 11.Bxc4 Nb6 12.Bb3 Bb4 13.Kf2 Qc7 1/2-1/2

[Event "EUSKADI 2011"]
[Site "Zornotza"]
[Date "2011.04.26"]
[Round "5"]
[White "Gomez Esteban, Juan Mario"]
[Black "Gonzalez De La Torre, Santiago"]
[Result "0-1"]
[WhiteElo "2477"]
[BlackElo "2425"]
[EventDate "2011.04.23"]
[PlyCount "116"]

1.d4 d5 2.c4 c6 3.Nf3 Nf6 4.Qc2 dxc4 5.Qxc4 Bf5 6.g3 e6 7.Bg2 Nbd7 8.Nc3 
Be7 9.O-O O-O 10.Re1 Ne4 11.Qb3 Qb6 12.Nh4 Bxh4 13.gxh4 Ndf6 14.f3 Nxc3 
15.bxc3 Qc7 16.e4 Bg6 17.Be3 Nh5 18.c4 Nf4 19.Bf1 Bh5 20.Bf2 Ng6 21.Qe3 h6
22.Rab1 b6 23.Rb3 e5 24.Bg3 Qe7 25.dxe5 Nxe5 26.Be2 f6 27.c5 b5 28.Rbb1 
Bf7 29.a3 Rfe8 30.Rbd1 Rad8 31.Rd6 Rxd6 32.cxd6 Qxd6 33.Qxa7 Qd2 34.Qf2 
Qc3 35.f4 Nd7 36.Qf3 Qd4+ 37.Bf2 Qxe4 38.Qxe4 Rxe4 39.Bg4 Rxe1+ 40.Bxe1 
Nb6 41.Kf2 c5 42.Ke2 h5 43.Bf3 Kf8 44.Bf2 Na4 45.Kd2 Ke7 46.Bd1 Kd6 47.
Bxa4 bxa4 48.Kd3 Kd5 49.Kc3 Bg6 50.Bg3 Bb1 51.Bf2 f5 52.Bg3 Ba2 53.Kd3 
Bc4+ 54.Kc3 Bb3 55.Kd3 c4+ 56.Kc3 Ke4 57.Kd2 g6 58.Kc3 Ke3 0-1

[Event "EUSKADI 2011"]
[Site "Zornotza"]
[Date "2011.04.26"]
[Round "5"]
[White "Argandoña Riveiro, Iñigo"]
[Black "Astasio Lopez, David"]
[Result "1/2-1/2"]
[WhiteElo "2389"]
[BlackElo "2330"]
[EventDate "2011.04.23"]
[PlyCount "77"]

1.c4 c6 2.e4 d5 3.exd5 cxd5 4.cxd5 Qxd5 5.Nc3 Qa5 6.Bc4 Nf6 7.Nf3 e6 8.O-O
Be7 9.d4 O-O 10.Qe2 Nbd7 11.Bxe6 Bb4 12.Bb3 Bxc3 13.bxc3 Qxc3 14.Bd2 Qc7 
15.Qe7 Qc6 16.Rac1 Qe4 17.Qxe4 Nxe4 18.Bb4 Re8 19.Rc7 a5 20.Ba3 h6 21.h4 
b5 22.Bd5 Rb8 23.Bc6 b4 24.Bb2 Nef6 25.d5 Rd8 26.Re1 Nb6 27.Bxf6 gxf6 28.
Ra7 a4 29.Ree7 b3 30.axb3 axb3 31.Rxf7 b2 32.Rg7+ Kh8 33.Rh7+ Kg8 34.Rag7+
Kf8 35.Nd2 Bf5 36.Rf7+ Kg8 37.Rfg7+ Kf8 38.Rf7+ Kg8 39.Rfg7+ 1/2-1/2

[Event "EUSKADI 2011"]
[Site "Zornotza"]
[Date "2011.04.26"]
[Round "5"]
[White "Franco Alonso, Alejandro"]
[Black "Guijarro Galan, Jose Luis"]
[Result "1-0"]
[WhiteElo "2489"]
[BlackElo "2206"]
[EventDate "2011.04.23"]
[PlyCount "83"]

1.Nf3 Nc6 2.d4 d5 3.Bf4 e6 4.e3 Bd6 5.Bg3 Nf6 6.c4 Qe7 7.cxd5 exd5 8.Nc3 
Bf5 9.Be2 O-O 10.Bh4 Qe6 11.Bxf6 gxf6 12.O-O Kh8 13.Nh4 Bh3 14.Bf3 Rg8 15.
Nb5 Ne7 16.Kh1 Bf5 17.Nxd6 Qxd6 18.Nxf5 Nxf5 19.g3 Qe6 20.Qb3 c6 21.Qxb7 
Rab8 22.Qxa7 Nh4 23.Bg2 Rxb2 24.Qa3 Rbb8 25.Qd3 Nxg2 26.Kxg2 f5 27.a4 Ra8 
28.Rfc1 Rgb8 29.Rc2 Rb6 30.a5 Rba6 31.Rc5 Qe4+ 32.Qxe4 fxe4 33.g4 Kg7 34.
Kg3 Rb8 35.Rac1 Rb2 36.g5 Ra2 37.h4 R2xa5 38.Rxa5 Rxa5 39.Rxc6 Ra8 40.Rc5 
Kg6 41.Rxd5 Kh5 42.Rd6 1-0

[Event "EUSKADI 2011"]
[Site "Zornotza"]
[Date "2011.04.26"]
[Round "5"]
[White "Huerga Leache, Mikel"]
[Black "Diaz Herrero, Alvaro"]
[Result "1-0"]
[WhiteElo "2440"]
[BlackElo "2126"]
[EventDate "2011.04.23"]
[PlyCount "95"]

1.e4 c5 2.d3 Nc6 3.g3 d5 4.exd5 Qxd5 5.Nf3 Bg4 6.Bg2 Qe6+ 7.Be3 Nd4 8.O-O 
O-O-O 9.Bxd4 cxd4 10.Qd2 Bxf3 11.Bxf3 Nf6 12.Na3 Qf5 13.Bg2 e6 14.Nc4 Bd6 
15.Na5 Rd7 16.Nb3 Be7 17.Rfe1 h5 18.h3 g5 19.Re2 h4 20.g4 Qb5 21.a4 Qb4 
22.Qxb4 Bxb4 23.a5 Rhd8 24.Re5 Rc7 25.Rxg5 Rxc2 26.Rb5 Bd6 27.Bxb7+ Kc7 
28.Ba6 Rb8 29.Nxd4 Rxb2 30.Rc1+ Kd7 31.Bc8+ Ke8 32.Ba6 Kd7 33.Rxb8 Bxb8 
34.Bb5+ Kd6 35.Bc4 Kd7 36.Nf3 Bc7 37.Ra1 Bd6 38.Nxh4 Bc5 39.Rf1 Ke7 40.Nf3
Rc2 41.Kg2 Nd7 42.h4 e5 43.Ng5 Nf6 44.Kf3 e4+ 45.Nxe4 Nxe4 46.Kxe4 Rxf2 
47.Rxf2 Bxf2 48.h5 1-0

[Event "EUSKADI 2011"]
[Site "Zornotza"]
[Date "2011.04.26"]
[Round "5"]
[White "Arias Garcia, Luis Javier"]
[Black "Limeres Guiance, Cristobal"]
[Result "0-1"]
[WhiteElo "2178"]
[BlackElo "2255"]
[EventDate "2011.04.23"]
[PlyCount "114"]

1.e4 e6 2.d4 d5 3.Nd2 dxe4 4.Nxe4 Nf6 5.Nxf6+ gxf6 6.Nf3 b6 7.Bb5+ c6 8.
Bd3 Bd6 9.Qe2 Bb7 10.Bd2 Nd7 11.O-O-O Qc7 12.Rhe1 O-O-O 13.Kb1 Kb8 14.g3 
Rhe8 15.Nh4 Re7 16.Bc3 f5 17.f4 a5 18.Qh5 Nf6 19.Qe2 b5 20.b3 b4 21.Bb2 
Nd5 22.Bc4 Qb6 23.Bxd5 cxd5 24.Nf3 Ba6 25.Qe3 a4 26.Ne5 Rc8 27.Nd3 Bxd3 
28.Qxd3 Rec7 29.Re2 Ra7 30.Rc1 Qa6 31.Qxa6 Rxa6 32.c4 bxc3 33.Rec2 axb3 
34.axb3 Kb7 35.Rxc3 Rxc3 36.Rxc3 h5 37.h4 Rc6 38.Rxc6 Kxc6 39.Kc2 Kb5 40.
Bc3 Be7 41.Be1 Bf6 42.Kd3 Bg7 43.Bc3 Bf8 44.Be1 Bd6 45.Kc2 Bc7 46.Bf2 Bb6 
47.Kc3 f6 48.Kc2 e5 49.Kd3 e4+ 50.Kc2 Ba5 51.Kb2 Bd2 52.Kc2 e3 53.Bg1 Kb4 
54.Bh2 Be1 55.Kd3 Bf2 56.g4 fxg4 57.f5 g3 0-1

[Event "EUSKADI 2011"]
[Site "Zornotza"]
[Date "2011.04.26"]
[Round "5"]
[White "Martin Alvarez, Iñigo"]
[Black "Villalta Bustillo, Igor"]
[Result "0-1"]
[WhiteElo "2316"]
[BlackElo "2182"]
[EventDate "2011.04.23"]
[PlyCount "140"]

1.e4 e5 2.Nf3 Nf6 3.d3 Nc6 4.Be2 g6 5.O-O Bg7 6.c3 O-O 7.Nbd2 d5 8.b4 Re8 
9.a3 b6 10.Re1 Bb7 11.Bf1 Nb8 12.Bb2 Nbd7 13.exd5 Nxd5 14.Qc2 c5 15.g3 Qc7
16.Qb3 Rad8 17.Bg2 N5f6 18.Rad1 h6 19.Nh4 Bxg2 20.Nxg2 Qc6 21.Ne4 Nxe4 22.
dxe4 c4 23.Qc2 b5 24.Bc1 Nf6 25.f3 Kh7 26.Ne3 Bf8 27.Kg2 Qb6 28.a4 a6 29.
axb5 axb5 30.h3 Rxd1 31.Rxd1 Rd8 32.Ng4 Nxg4 33.hxg4 Rxd1 34.Qxd1 Qd6 35.
Qd5 Qxd5 36.exd5 f5 37.gxf5 gxf5 38.f4 e4 39.Be3 Kg7 40.Kf2 Kf7 41.Ke2 Bg7
42.Kd2 h5 43.Bc5 Bf6 44.Ba7 Ke7 45.Bc5+ Kd7 46.Kc2 h4 47.gxh4 Bxh4 48.Kd2 
Bg3 49.Ke3 Bh2 50.Bf8 Bg3 51.Bc5 Be1 52.Bd4 Kd6 53.Ke2 Bh4 54.Be3 Kxd5 55.
Bd2 Bd8 56.Ke3 Bb6+ 57.Ke2 Ke6 58.Bc1 Kf6 59.Kf1 Kg6 60.Kg2 Kh5 61.Kg3 Bd8
62.Kh3 Bf6 63.Bd2 Bh4 64.Be3 Be1 65.Bd4 Bh4 66.Be3 Bf6 67.Bd2 e3 68.Be1 
Be7 69.Kg2 Kg4 70.Kf1 Kf3 0-1

[Event "EUSKADI 2011"]
[Site "Zornotza"]
[Date "2011.04.26"]
[Round "5"]
[White "Prieto Aranguren, Alain"]
[Black "Axpe Balenciaga, Iñigo"]
[Result "1-0"]
[WhiteElo "2219"]
[BlackElo "2115"]
[EventDate "2011.04.23"]
[PlyCount "79"]

1.e4 d5 2.Nc3 d4 3.Nce2 e5 4.d3 Bd6 5.g3 Be6 6.Bg2 Qd7 7.f4 f6 8.c3 c5 9.
Nf3 Ne7 10.O-O Nbc6 11.cxd4 cxd4 12.a3 h6 13.f5 Bf7 14.b4 g5 15.fxg6 Nxg6 
16.Bd2 O-O-O 17.Nh4 Nxh4 18.gxh4 Bh5 19.Qe1 Rdf8 20.Ng3 Bg4 21.Nf5 Ne7 22.
Qf2 Rhg8 23.Kh1 Bxf5 24.exf5 h5 25.a4 Rf7 26.b5 Rfg7 27.Be4 Kb8 28.Qf3 Rg4
29.a5 Rxh4 30.Rfc1 Nxf5 31.Rg1 Ne7 32.Qxf6 Rhg4 33.Rxg4 hxg4 34.Be1 Nc8 
35.Bg3 Qe7 36.Qh6 Qg7 37.Qe6 Rf8 38.Rc1 Qe7 39.Qd5 Qf7 40.a6 1-0

[Event "EUSKADI 2011"]
[Site "Zornotza"]
[Date "2011.04.26"]
[Round "5"]
[White "Alcaide Luque, Aitor"]
[Black "Padilla Cabero, Pablo"]
[Result "1-0"]
[WhiteElo "2192"]
[BlackElo "2147"]
[EventDate "2011.04.23"]
[PlyCount "90"]

1.d4 f5 2.g3 e6 3.Bg2 Nf6 4.Nf3 Be7 5.O-O O-O 6.c4 d6 7.Nc3 a5 8.Qc2 Nc6 
9.a3 e5 10.dxe5 dxe5 11.Rd1 Qe8 12.Nd5 Bd8 13.Bg5 Rf7 14.b3 h6 15.Bc1 e4 
16.Ne1 Ne5 17.Be3 a4 18.b4 Be6 19.Bf4 Ng6 20.Bc1 b5 21.f3 c6 22.fxe4 fxe4 
23.Nxf6+ Bxf6 24.Bxe4 Ne5 25.Rd6 Bxc4 26.Bb2 Qe7 27.Qd2 Bg5 28.Qd4 Ng4 29.
Ng2 Bf6 30.Rxf6 Nxf6 31.Bxc6 Rd8 32.Qe5 Qa7+ 33.e3 Ng4 34.Qe4 Rdf8 35.Nf4 
Qxe3+ 36.Qxe3 Nxe3 37.Re1 Nc2 38.Re5 g5 39.Ng6 Rf1+ 40.Kg2 R1f2+ 41.Kg1 
Rf1+ 42.Kg2 Ne1+ 43.Kh3 Nd3 44.Bd5+ Bxd5 45.Rxd5 Nxb2 1-0

[Event "EUSKADI 2011"]
[Site "Zornotza"]
[Date "2011.04.26"]
[Round "5"]
[White "Miguelez Garcia, Erlantz"]
[Black "Diez Fraile, David"]
[Result "1/2-1/2"]
[WhiteElo "1957"]
[BlackElo "2165"]
[EventDate "2011.04.23"]
[PlyCount "34"]

1.d4 Nf6 2.c4 c5 3.Nf3 g6 4.g3 Bg7 5.Bg2 O-O 6.O-O d6 7.Nc3 Nc6 8.d5 Na5 
9.Nd2 a6 10.Rb1 Rb8 11.Qc2 Bf5 12.e4 Bd7 13.Nd1 e6 14.Ne3 exd5 15.exd5 Ng4
16.b3 Re8 17.Bb2 Bxb2 1/2-1/2

[Event "EUSKADI 2011"]
[Site "Zornotza"]
[Date "2011.04.26"]
[Round "5"]
[White "Wu Martin, Eneko"]
[Black "Agirretxe San Sebastian, Jesus"]
[Result "1-0"]
[WhiteElo "2136"]
[BlackElo "2165"]
[EventDate "2011.04.23"]
[PlyCount "87"]

1.e4 e5 2.f4 d5 3.exd5 exf4 4.Nf3 Nf6 5.c4 c6 6.d4 Bb4+ 7.Nc3 O-O 8.Be2 
cxd5 9.O-O dxc4 10.Bxf4 Bg4 11.Bg5 Nbd7 12.Nd5 Be7 13.Nxe7+ Qxe7 14.Bxc4 
Qd6 15.Qd3 Rac8 16.Rad1 Bh5 17.Bb3 a6 18.Qf5 Bg6 19.Qh3 b5 20.Nh4 Rfe8 21.
Nxg6 hxg6 22.Bf4 Qb6 23.Qg3 Ne4 24.Qg4 Qc6 25.Rc1 Ndf6 26.Qxg6 Qd7 27.Be5 
Rxc1 28.Rxc1 Rxe5 29.Qxf7+ Qxf7 30.Bxf7+ Kxf7 31.dxe5 Nd5 32.Rc6 a5 33.Ra6
a4 34.Ra5 Nb4 35.Rxb5 Nxa2 36.Ra5 Nc1 37.Rxa4 Nc5 38.Ra7+ Kg6 39.b4 Ne4 
40.b5 Ne2+ 41.Kf1 Nd4 42.b6 Nc5 43.Rc7 Na6 44.Rc8 1-0

[Event "EUSKADI 2011"]
[Site "Zornotza"]
[Date "2011.04.26"]
[Round "5"]
[White "Arce Balluerca, Jorge"]
[Black "Hernandez Perez, Jesus"]
[Result "1/2-1/2"]
[WhiteElo "2068"]
[BlackElo "2040"]
[EventDate "2011.04.23"]
[PlyCount "48"]

1.Nf3 e6 2.g3 f5 3.Bg2 Nf6 4.O-O d5 5.d3 Bd6 6.Nc3 c6 7.e4 dxe4 8.dxe4 Be7
9.Qe2 O-O 10.exf5 exf5 11.Ng5 Kh8 12.Bf4 h6 13.Rad1 Qe8 14.Ne6 Bxe6 15.
Qxe6 Bb4 16.Qb3 Bxc3 17.Qxb7 Nbd7 18.bxc3 Nc5 19.Qxc6 Qxc6 20.Bxc6 Rac8 
21.Bd6 Rf7 22.Bxc5 Rxc6 23.Rd8+ Kh7 24.Bd4 Ne4 1/2-1/2

[Event "EUSKADI 2011"]
[Site "Zornotza"]
[Date "2011.04.26"]
[Round "5"]
[White "Irure Crespo, Egoitz"]
[Black "Idiazabal Troyas, Aritz"]
[Result "1-0"]
[WhiteElo "2000"]
[BlackElo "1985"]
[EventDate "2011.04.23"]
[PlyCount "49"]

1.e4 c5 2.Nf3 Nc6 3.Nc3 g6 4.d4 cxd4 5.Nxd4 Bg7 6.Be3 Nf6 7.Bc4 Qa5 8.O-O 
O-O 9.Nb3 Qc7 10.f4 d6 11.Be2 Bd7 12.g4 Na5 13.e5 Ne8 14.Nd5 Qd8 15.Nxa5 
Qxa5 16.Nxe7+ Kh8 17.exd6 Rd8 18.Bd4 f6 19.Bd3 Bb5 20.Bxg6 hxg6 21.Nxg6+ 
Kg8 22.Ne7+ Kh7 23.g5 Bh6 24.Qh5 fxg5 25.Qg6# 1-0

[Event "EUSKADI 2011"]
[Site "Zornotza"]
[Date "2011.04.26"]
[Round "5"]
[White "Cendagortagalarza Rodriguez, Jo"]
[Black "Urretavizcaya Merino, Asier"]
[Result "0-1"]
[WhiteElo "1696"]
[BlackElo "2120"]
[EventDate "2011.04.23"]
[PlyCount "56"]

1.e4 c5 2.Nf3 d6 3.d4 cxd4 4.Nxd4 Nf6 5.Nc3 a6 6.f3 e5 7.Nb3 Be6 8.Be3 Be7
9.Qd2 Nbd7 10.O-O-O b5 11.g4 Nb6 12.Qf2 Nfd7 13.Kb1 Rc8 14.Nd5 Bxd5 15.
exd5 Nc4 16.Bc1 Qc7 17.Bd3 a5 18.h4 a4 19.Nd2 Ndb6 20.Nxc4 bxc4 21.Bf5 Rb8
22.f4 a3 23.fxe5 axb2 24.Be3 Na4 25.Qd2 dxe5 26.c3 Qa5 27.d6 Nxc3+ 28.Kc2 
Qa4+ 0-1

[Event "EUSKADI 2011"]
[Site "Zornotza"]
[Date "2011.04.27"]
[Round "6"]
[White "Gonzalez De La Torre, Santiago"]
[Black "Franco Alonso, Alejandro"]
[Result "1/2-1/2"]
[WhiteElo "2425"]
[BlackElo "2489"]
[EventDate "2011.04.23"]
[PlyCount "74"]

1.Nf3 Nf6 2.c4 e6 3.g3 d5 4.Bg2 dxc4 5.O-O a6 6.a4 Nc6 7.Na3 Bxa3 8.bxa3 
e5 9.Bb2 Qd6 10.Qc2 Be6 11.Rfd1 Bd5 12.Qc3 O-O-O 13.Nxe5 Nxe5 14.Qxe5 Bxg2
15.Qf5+ Qe6 16.Qxe6+ fxe6 17.Kxg2 Rd5 18.Rac1 Rhd8 19.Rc2 R8d7 20.f3 Ne8 
21.Kf2 Nd6 22.Bc3 a5 23.e4 Rd3 24.Re1 b6 25.Bb2 Nb7 26.Bc1 R7d4 27.Re2 Nc5
28.Bb2 Rd7 29.Rxc4 Rxd2 30.Bc3 R2d3 31.Rc2 Rf7 32.f4 Rfd7 33.Ke2 g6 34.
Bxa5 Rxa3 35.Bb4 Rxa4 36.Bxc5 Rxc4 37.Rxc4 bxc5 1/2-1/2

[Event "EUSKADI 2011"]
[Site "Zornotza"]
[Date "2011.04.27"]
[Round "6"]
[White "Limeres Guiance, Cristobal"]
[Black "Argandoña Riveiro, Iñigo"]
[Result "1/2-1/2"]
[WhiteElo "2255"]
[BlackElo "2389"]
[EventDate "2011.04.23"]
[PlyCount "50"]

1.d4 d5 2.c4 e6 3.Nc3 c6 4.cxd5 exd5 5.Bf4 Bf5 6.e3 Qb6 7.Qd2 Nd7 8.Nge2 
Ngf6 9.Ng3 Bg6 10.Be2 Be7 11.O-O h5 12.Bd3 h4 13.Nf5 Bxf5 14.Bxf5 Rh5 15.
Bxd7+ Nxd7 16.h3 Nf6 17.f3 Rf5 18.Bh2 Kf8 19.Rfe1 Rd8 20.Rad1 Kg8 21.Kh1 
Nh5 22.Qc2 Rg5 23.e4 Bd6 24.e5 Be7 25.f4 Ng3+ 1/2-1/2

[Event "EUSKADI 2011"]
[Site "Zornotza"]
[Date "2011.04.27"]
[Round "6"]
[White "Astasio Lopez, David"]
[Black "Huerga Leache, Mikel"]
[Result "1/2-1/2"]
[WhiteElo "2330"]
[BlackElo "2440"]
[EventDate "2011.04.23"]
[PlyCount "59"]

1.d4 Nf6 2.Nf3 c5 3.e3 e6 4.Nbd2 Nc6 5.c3 d5 6.Bd3 Bd6 7.O-O O-O 8.Qe2 Qc7
9.e4 cxd4 10.cxd4 e5 11.exd5 Nxd4 12.Nxd4 exd4 13.h3 Nxd5 14.Qe4 Nf6 15.
Qh4 Bh2+ 16.Kh1 Qf4 17.g4 Bd7 18.Kg2 Bc6+ 19.f3 Qe3 20.Bf5 Qe2+ 21.Rf2 Qe5
22.Nc4 Qc7 23.Bg5 h6 24.Bxf6 gxf6 25.Qxh6 Rfe8 26.Bh7+ Kh8 27.Bb1+ Kg8 28.
Bh7+ Kh8 29.Bc2+ Kg8 30.Bh7+ 1/2-1/2